| 000 | 00983nam a2200265Ia 4500 | ||
|---|---|---|---|
| 003 | OSt | ||
| 005 | 20221005105530.0 | ||
| 006 | a|||||r|||| 00| 0 | ||
| 007 | ta | ||
| 008 | 221004b |||||||| |||| 00| 0 hin d | ||
| 020 |
_a9788126724246 (hbk) _cINR 450.00 |
||
| 024 | _a34855 | ||
| 037 |
_bBR3079, 15/09/2017, Rajkamal Prakashan Pvt. Ltd. _cTextual |
||
| 040 |
_aCRL _cCRL _bhin |
||
| 041 |
_2hin _ahin |
||
| 082 | _aT:3, 152Q3 | ||
| 100 |
_aए. अरविंदाक्षन, संपा. _9160937 |
||
| 245 | 0 | _aबुनियादी तालीम | |
| 246 | _aBuniyādī tālīma | ||
| 260 |
_aनई दिल्ली _bराजकमल प्रकाशन भारत _c2013 |
||
| 300 |
_a199पृ0 _ccm. |
||
| 650 | _aशिक्षाशास्त्र | ||
| 942 |
_hT:3, 152Q3 _cTEXL _2cc |
||
| 999 |
_c1016100 _d1016100 |
||